000 00720nam a2200289Ia 4500
005 20260324143304.0
008 008 260324s9999 xx 000 0 eng d
020 _a9780203973776
037 _aEBOOK
040 _aCRL
040 _beng
040 _cCRL
041 _2eng
041 _aeng
084 _qCRL
100 _aJames Lynch; Celia Modgil; Sohan Modgil
_91215100
245 0 _aCultural Diversity And The Schools
245 0 _bVolume 2: Prejudice, Polemic Or Progress?
260 _bTaylor and Francis
260 _c1992
365 _a
365 _b255
856 _uhttp://www.taylorfrancis.com/books/9780203973776
942 _cEBOOK
999 _c1820291
_d1820291